000 00554nam a2200181Ia 4500
008 240729s9999 xx 000 0 und d
022 _a1883-8014
245 0 _aJournal of Advanced Computational Intelligence and Intelligent Informatics
260 _aJapan
260 _bFuji Technology Press Ltd.
650 _a Electronic computers. Computer science
650 _a Instruments and machines
650 _a Mathematics
650 _aScience
856 _uhttps://doaj.org/toc/0e77df7c901f4114b46c416fa8b02a90
942 _2ddc
942 _cDOAJEJ
999 _c74817
_d74817
945 _a1
_bMadushi Gamage
_c1
_dMadushi Gamage